[Event "Budapest FS10 IM-B"]
[Site "Budapest"]
[Date "1993.??.??"]
[Round "7"]
[White "Stummer, Anton"]
[Black "Eperjesi, Laszlo"]
[Result "0-1"]
[WhiteElo "2305"]
[BlackElo "2315"]

1.Nf3 d5 2.g3 c6 3.Bg2 Bg4 4.b3 Nd7 5.Bb2 e6 6.O-O Ngf6 7.d3 Bc5 8.Nbd2 O-O
9.e4 h6 10.Qe2 a5 11.a3 Qb8 12.Rfe1 Rc8 13.Nf1 b5 14.Qd2 b4 15.a4 Bxf3 16.Bxf3 Ra7
17.e5 Nh7 18.d4 Bb6 19.Ne3 c5 20.Nxd5 exd5 21.Bxd5 Ndf8 22.dxc5 Bxc5 23.e6 Nxe6
24.Rxe6 fxe6 25.Bxe6+ Kh8 26.Qxh6 Bxf2+ 27.Kf1 Rf8 28.Kg2 Qb7+ 29.Kh3 Qe4
30.Rf1 Qxe6+ 31.Qxe6 Ng5+  0-1

[Event "Budapest FS06 GM"]
[Site "Budapest"]
[Date "1993.??.??"]
[Round "7"]
[White "Loginov, Valery A"]
[Black "Lyrberg, Patrik"]
[Result "1-0"]
[WhiteElo "2505"]
[BlackElo "2395"]

1.Nf3 d5 2.g3 Nf6 3.Bg2 c6 4.O-O Bg4 5.c4 Nbd7 6.cxd5 cxd5 7.Nc3 e6 8.d3 Be7
9.Bd2 O-O 10.a3 Rc8 11.b4 Bd6 12.Qb3 Ne5 13.Nd4 Nc6 14.Nxc6 Rxc6 15.Rac1 Qd7
16.b5 Rc7 17.b6 axb6 18.Nb5 Rxc1 19.Rxc1 Bc5 20.e3 Rc8 21.a4 Be7 22.Ra1 h6
23.Bc3 Bf5 24.Bd4 Qc6 25.Bf1 Bd8 26.Qa3 Qc2 27.Nc3 b5 28.axb5 e5 29.Ra2 Be7
30.Qxe7 Qb3 31.Qxe5  1-0

[Event "Budapest FS10 GM"]
[Site "Budapest"]
[Date "1993.??.??"]
[Round "8"]
[White "Loginov, Valery A"]
[Black "Lukacs, Peter"]
[Result "1/2-1/2"]
[WhiteElo "2505"]
[BlackElo "2485"]

1.Nf3 d5 2.g3 c6 3.Bg2 Nf6 4.O-O Bg4 5.c4 e6 6.d3 Nbd7 7.cxd5 exd5 8.Qc2 Bc5
9.e4 O-O 10.Nbd2 Bd6 11.h3 Bxf3 12.Nxf3 Re8 13.Nh4 g6 14.f4 Nh5 15.Qf2 dxe4
16.dxe4 Bc5 17.Be3 Bxe3 18.Qxe3 Qb6 19.Qxb6 axb6 20.Kh2 Nc5 21.e5 Red8 22.b4 Na4
23.Rf2 b5 24.f5 Ng7 25.e6 gxf5 26.exf7+ Kxf7 27.Be4 Kg8 28.Nxf5 Nxf5 29.Bxf5 Kg7
30.Be6 Rf8 31.Raf1 Rxf2+ 32.Rxf2 Rf8 33.Kg2 Nc3 34.Rxf8 Kxf8 35.Kf3 Ke7 36.Bg8 b6
37.Ke3 c5 38.Kd3 cxb4 39.a3 Nd1 40.axb4 Nf2+ 41.Kd4 h5 42.Bd5 Nxh3 43.Bf3 Ng5
44.Bxh5 Kd6 45.Bg4 Nf7 46.Be2 Nd8 47.Bxb5 Ne6+ 48.Kc3 Ke5 49.Bd7 Ng5 50.Bc6 Nf7
51.Kd3 Nd6 52.Bd7 Ne4 53.g4 Nf6 54.Bc8 b5 55.Kc3 Nd5+ 56.Kb3 Kf4 57.Be6 Nc7
58.Bd7 Kg5 59.Bc8 Kf4 60.Bb7 Kxg4 61.Kc3 Kf5 62.Kd4 Ne6+ 63.Kd5 Nf4+  1/2-1/2

[Event "Elekes mem"]
[Site "Budapest"]
[Date "1993.??.??"]
[Round "8"]
[White "Groszpeter, Attila"]
[Black "Lukacs, Peter"]
[Result "1/2-1/2"]
[WhiteElo "2525"]
[BlackElo "2480"]

1.Nf3 d5 2.g3 c6 3.Bg2 Bg4 4.O-O Nd7 5.d4 e6 6.Nbd2 Ngf6 7.Re1 Be7 8.e4 O-O
9.c3 c5 10.exd5 Nxd5 11.h3  1/2-1/2

[Event "Budapest FS12 IM-A"]
[Site "Budapest"]
[Date "1993.??.??"]
[Round "8"]
[White "Keschitz, Gyorgy"]
[Black "Acs, Peter"]
[Result "0-1"]
[WhiteElo "2275"]
[BlackElo "2245"]

1.Nf3 d5 2.g3 Nf6 3.Bg2 c5 4.O-O Nc6 5.d3 e5 6.c4 Be7 7.cxd5 Nxd5 8.b3 O-O
9.Bb2 f6 10.Nbd2 Be6 11.Rc1 Qa5 12.a3 Rac8 13.Nc4 Qa6 14.Nfd2 b5 15.e4 Nc7
16.Ne3 Rfd8 17.Qc2 Nd4 18.Qd1 Qd6 19.Re1 Na8 20.Bf1 Nb6 21.Bc3 Qd7 22.Ba5 Bf8
23.Rc3 Qf7 24.Bg2 Qb7 25.Rc1 Qa6 26.Bc3 Nc6 27.Bf1 Qb7 28.Rb1 Qf7 29.Qc2 Nd4
30.Qd1 c4 31.dxc4 bxc4 32.b4 Nb3 33.Qc2 Na4 34.Ndxc4 Nxc3 35.Qxc3 Nd4 36.Nd5 Bxd5
37.exd5 Qxd5 38.Re3 Rc7 39.Rc1 Rdc8 40.Bh3 Rxc4 41.Bxc8 Rxc3 42.Rcxc3 h5
43.Ba6 Kh7 44.Bf1 Be7 45.h3 Bd8 46.Rc5 Nf3+ 47.Kg2 Ne1+ 48.Kg1 Qd1 49.Rec3 Bb6  0-1

[Event "Budapest FS05 GM"]
[Site "Budapest"]
[Date "1993.??.??"]
[Round "9"]
[White "Davies, Nigel R"]
[Black "Lukacs, Peter"]
[Result "1/2-1/2"]
[WhiteElo "2470"]
[BlackElo "2480"]

1.Nf3 d5 2.g3 c6 3.Bg2 Bg4 4.c4 e6 5.O-O Nf6 6.cxd5 Bxf3 7.Bxf3 cxd5 8.d3 Nc6
9.Bg2 Be7 10.Nc3 O-O 11.a3 Rc8 12.Bd2 Nd7 13.Rc1 Nb6 14.Kh1 Bf6 15.b4 a6
16.e3 Qd7 17.Qb3 Ne5 18.Qb1 Na4 19.Kg1 Nf3+  1/2-1/2

[Event "Budapest FS12 GM"]
[Site "Budapest"]
[Date "1993.??.??"]
[Round "12"]
[White "Purtov, Andrei"]
[Black "Lukacs, Peter"]
[Result "0-1"]
[WhiteElo "2430"]
[BlackElo "2485"]

1.Nf3 d5 2.g3 c6 3.Bg2 Bg4 4.b3 Nd7 5.Bb2 Ngf6 6.O-O e6 7.d3 Bd6 8.Nbd2 O-O
9.h3 Bh5 10.Qe1 e5 11.e4 Re8 12.Nh4 Bf8 13.Ndf3 Qc7 14.Nf5 Rad8 15.a4 a5
16.Bc3 b6 17.Bd2 dxe4 18.dxe4 Nc5 19.g4 Bg6 20.N3h4 Ncxe4 21.Bxa5 bxa5 22.Bxe4 Bb4
23.Qe3 Bd2 24.Qe2 Bg5 25.Nf3 Bf4 26.Rad1 Bxf5 27.gxf5 Rb8 28.Nd2 Bxd2 29.Rxd2 Rb4
30.f3 Rd4 31.Rfd1 Red8 32.c3 Rxd2 33.Rxd2 Rb8 34.Qc4 Qb6+ 35.Kf1 Qe3 36.Qd3 Qb6
37.Qd6 h6 38.Qxc6 Qxb3 39.Qc7 Kh7 40.Qxe5 Rc8 41.Qxa5 Rxc3 42.Qb5 Nxe4 43.fxe4 Rc1+
44.Kf2 Qxh3 45.Qd3 Qh2+ 46.Kf3 Qh1+ 47.Kf4 Qh4+ 48.Ke3 Qg3+ 49.Kd4 Qg1+ 50.Ke5 f6+  0-1

[Event "Budapest FS12 GM"]
[Site "Budapest"]
[Date "1993.??.??"]
[Round "12"]
[White "Loginov, Valery A"]
[Black "Landenbergue, Claude"]
[Result "1/2-1/2"]
[WhiteElo "2505"]
[BlackElo "2405"]

1.Nf3 d5 2.g3 c5 3.Bg2 Nc6 4.d4 e6 5.O-O cxd4 6.Nxd4 Bc5 7.Nxc6 bxc6 8.c4 Nf6
9.Nc3 O-O 10.Bg5 Rb8 11.cxd5 cxd5 12.Qc2 Be7 13.Rfd1 Qb6 14.Na4 Qa6 15.e4 dxe4
16.Bxe4 h6 17.Bd3 Qa5 18.Bd2 Bb4 19.Bxb4 Qxb4 20.a3 Qg4 21.Nc5 e5 22.b4 Qh5
23.Bf1 Ng4 24.h3 Nf6 25.h4 Bg4 26.Rd6 Rbc8 27.Re1 e4 28.Qb2 Qf5 29.Ra6 Rc7
30.Qd4 Re7 31.Rd6 Bf3 32.a4 Rfe8 33.Rd8 g5 34.Rd6 Re5 35.Rxf6 Qxf6 36.Nd7 Qf5
37.Nxe5 Qxe5 38.Qxe5 Rxe5 39.hxg5 hxg5 40.b5 f5 41.a5 f4 42.b6 axb6 43.axb6 e3
44.fxe3 fxe3 45.Ba6 Re7 46.Rc1 e2 47.Kf2 g4 48.Re1 Rd7 49.Bxe2 Rd2 50.Kf1 Rb2
51.Bc4+ Kg7 52.Re6 Kf8 53.Ba6 Kf7 54.Rd6 Ke7 55.Rh6 Rg2 56.b7 Bxb7 57.Bxb7 Rxg3
58.Kf2 Rc3 59.Be4 Kf7 60.Bf5 Rf3+  1/2-1/2

[Event "Buenos Aires Najdorf op"]
[Site "Buenos Aires"]
[Date "1993.??.??"]
[Round "1"]
[White "Soppe, Guillermo"]
[Black "Bertona, Fernando"]
[Result "1-0"]
[WhiteElo "2460"]
[BlackElo "2320"]

1.Nf3 d5 2.g3 Bg4 3.Bg2 c6 4.O-O Nd7 5.d3 Ngf6 6.Nbd2 e6 7.h3 Bh5 8.e3 Bxf3
9.Nxf3 Bd6 10.Qe2 O-O 11.e4 Qc7 12.Bg5 dxe4 13.dxe4 Bc5 14.e5 Nd5 15.Rad1 b5
16.Bc1 a5 17.Qe4 Rfd8 18.Rde1 a4 19.a3 b4 20.Ng5 Nf8 21.Qc4 Be7 22.h4 bxa3
23.bxa3 h6 24.Nf3 Nd7 25.Qg4 Kh8 26.Qh5 Kg8 27.c4 N5b6 28.Bxh6 Bxa3 29.Bxg7 Kxg7
30.Re4 Nf8 31.Ng5 Ra7 32.Rg4 Ng6 33.Nxe6+ fxe6 34.Qxg6+ Kh8 35.Qf6+  1-0

[Event "Buenos Aires GEB op"]
[Site "Buenos Aires"]
[Date "1993.??.??"]
[Round "1"]
[White "Studenetzky, Moises"]
[Black "Justo, Damian"]
[Result "0-1"]
[WhiteElo "2220"]
[BlackElo "2265"]

1.Nf3 d5 2.g3 c5 3.Bg2 Nc6 4.O-O g6 5.d3 Bg7 6.a3 e6 7.Nc3 Nge7 8.Rb1 O-O
9.Bd2 b6 10.b4 d4 11.Na4 cxb4 12.axb4 b5 13.Nc5 Nd5 14.Qc1 Qe7 15.e4 Ndxb4
16.Qb2 Qxc5 17.Bxb4 Nxb4 18.Qxb4 Qxb4 19.Rxb4 a6 20.e5 Bb7 21.Rxd4 Rfc8 22.c4 b4
23.Rd7 Bc6 24.Rd6 Bf8 25.Rxc6 Rxc6 26.Nd4 Rcc8 27.Bxa8 Rxa8 28.Ra1 a5 29.Ra4 Rd8
30.Nc6 Rxd3 31.Rxa5 b3 32.Rb5 Ba3 33.c5 b2  0-1

[Event "Buenos Aires FMD op"]
[Site "Buenos Aires"]
[Date "1993.??.??"]
[Round "2"]
[White "Bosco, Ricardo"]
[Black "Justo, Damian"]
[Result "1/2-1/2"]
[WhiteElo "2235"]
[BlackElo "2265"]

1.Nf3 d5 2.g3 c5 3.d4 e6 4.Bg2 Nc6 5.O-O Nf6 6.c4 cxd4 7.Nxd4 Qb6 8.Nxc6 bxc6
9.Nc3 Be7 10.cxd5 cxd5 11.e4 dxe4 12.Nxe4 Nd5 13.Nc3 Nxc3 14.bxc3 Bb7 15.Qa4+ Kf8
16.Be3 Qc7 17.Bf4 Qc8 18.Bxb7 Qxb7 19.Rab1 Qf3 20.Rb3 g5 21.c4 Qg4 22.Qc6 Kg7
23.Be3  1/2-1/2

[Event "Buenos Aires op3"]
[Site "Buenos Aires"]
[Date "1993.??.??"]
[Round "3"]
[White "Soppe, Guillermo"]
[Black "Bulcourf, Carlos"]
[Result "1-0"]
[WhiteElo "2460"]
[BlackElo "2295"]

1.Nf3 d5 2.g3 Bf5 3.Bg2 e6 4.O-O Be7 5.d3 c6 6.Nbd2 Nf6 7.Qe1 Na6 8.e4 dxe4
9.dxe4 Bg6 10.Ne5 Nd7 11.Nxg6 hxg6 12.Qe2 Qa5 13.Nc4 Qh5 14.Qxh5 Rxh5 15.Rd1 O-O-O
16.Be3 Bc5 17.g4 Rhh8 18.Bxc5 Ndxc5 19.Nd6+ Kc7 20.Nxf7 Rxd1+ 21.Rxd1 Rf8
22.Ne5 g5 23.a3 Rd8 24.Rxd8 Kxd8 25.Nf7+ Ke7 26.Nxg5 e5 27.b3 b5 28.Bf1 Nc7
29.h4 a5 30.f3 a4 31.b4 N5a6 32.c3 c5 33.bxc5 Nxc5 34.Kf2 Nb7 35.Ke3 Nd6
36.Kd2 Na8 37.c4 bxc4 38.Kc3 Nb6 39.Kb4 g6 40.Nh3 Kd7 41.Nf2 Kc6 42.h5 gxh5
43.gxh5 Nf7 44.Bxc4 Nh8 45.Bb5+ Kd6 46.Bxa4 Nc8 47.Bb3 Na7 48.Bd5  1-0

[Event "Buenos Aires FMD op"]
[Site "Buenos Aires"]
[Date "1993.??.??"]
[Round "4"]
[White "Valerga, Diego"]
[Black "Slipak, Sergio"]
[Result "1/2-1/2"]
[WhiteElo "2365"]
[BlackElo "2455"]

1.Nf3 d5 2.g3 c6 3.Bg2 Bg4 4.d3 Nd7 5.h3 Bh5 6.c4 e6 7.O-O Bc5 8.Nbd2 Ngf6
9.b3 O-O 10.Bb2 a5 11.a3 Qe7 12.Qc2 h6 13.e4 dxe4 14.dxe4 Bg6 15.Qd3 Rfd8
16.Qe2 Bb6 17.Nh4 Bh7 18.e5 Ne8 19.Be4 Nc5 20.Bxh7+ Kxh7 21.Ne4 Kg8 22.Nxc5 Bxc5
23.Nf3 Qc7 24.Rfd1 f5  1/2-1/2

[Event "Buenos Aires op1"]
[Site "Buenos Aires"]
[Date "1993.??.??"]
[Round "5"]
[White "Fiorito, Fabian"]
[Black "Mahia, Gustavo"]
[Result "1-0"]
[WhiteElo "2425"]
[BlackElo "2380"]

1.Nf3 d5 2.g3 c6 3.Bg2 Bg4 4.O-O Nd7 5.d3 Ngf6 6.Qe1 e5 7.e4 dxe4 8.dxe4 Bc5
9.Nbd2 O-O 10.Nc4 Re8 11.b4 Bf8 12.Bb2 Qc7 13.a3 b5 14.Ne3 Bxf3 15.Bxf3 Nb6
16.Rc1 a5 17.c4 axb4 18.axb4 Ra2 19.Rc2 Qd8 20.Qb1 Ra4 21.c5 Na8 22.Bc3 Nc7
23.Rd2 Qe7 24.Rfd1 Na6 25.Rd8 h5 26.Rxe8 Qxe8 27.Rd2 g6 28.Ra2 Rxa2 29.Qxa2 Nb8
30.Nf1  1-0

[Event "Buenos Aires op1"]
[Site "Buenos Aires"]
[Date "1993.??.??"]
[Round "5"]
[White "Giardelli, Sergio C"]
[Black "Ginzburg, Maximiliano"]
[Result "0-1"]
[WhiteElo "2425"]
[BlackElo "2275"]

1.Nf3 d5 2.g3 Nf6 3.Bg2 Nbd7 4.O-O e5 5.d3 Bd6 6.Nbd2 O-O 7.e4 c6 8.Qe2 Re8
9.Rd1 b6 10.Nh4 Nc5 11.h3 Qc7 12.Nb3 Ne6 13.Nf5 Bf8 14.Qf3 Bb7 15.c3 Rad8
16.Nd2 Kh8 17.Nf1 Rd7 18.exd5 Nxd5 19.d4 g6 20.Nh6 exd4 21.cxd4 f5 22.Ne3 Ng5
23.Qe2 Bxh6 24.Qc4 Nxe3 25.Bxe3 Nf7 26.Bxh6 Nxh6 27.d5 cxd5 28.Qd4+ Kg8 29.Rac1 Qd8  0-1

[Event "Buenos Aires PRO op"]
[Site "Buenos Aires"]
[Date "1993.??.??"]
[Round "5"]
[White "Szmetan, Jorge"]
[Black "Schweber, Samuel"]
[Result "1-0"]
[WhiteElo "2415"]
[BlackElo "2350"]

1.Nf3 d5 2.g3 g6 3.Bg2 Bg7 4.d4 c5 5.c3 cxd4 6.cxd4 Nc6 7.Nc3 e6 8.O-O Nge7
9.b3 O-O 10.Ba3 Re8 11.Qd2 Nf5 12.e3 b6 13.Rfd1 Ba6 14.Rac1 Rc8 15.Ne1 h5
16.Nd3 h4 17.g4 h3 18.Bxh3 Qh4 19.Kg2 Nh6 20.f3 Bxd3 21.Qxd3 e5 22.Nb5 exd4
23.exd4 Re6 24.Rd2 Bf8 25.Bxf8 Kxf8 26.Re2 Rce8 27.Rxe6 Rxe6 28.Nc7 Rd6 29.Qe3 Ng8
30.Rxc6 Rxc6 31.Qe8+ Kg7 32.Qxc6 Qe7 33.Qc2 Nf6 34.Nb5 a6 35.Nc3 Qe3 36.Na4 b5
37.Nc5 Qxd4 38.Nxa6 Qe3 39.Nb4 d4 40.Qd3  1-0

[Event "Buenos Aires FMD op"]
[Site "Buenos Aires"]
[Date "1993.??.??"]
[Round "6"]
[White "Bosco, Ricardo"]
[Black "Belfiore, Daniel"]
[Result "1-0"]
[WhiteElo "2235"]
[BlackElo "2195"]

1.Nf3 d5 2.g3 c6 3.Bg2 Bf5 4.O-O Nf6 5.b3 e6 6.Bb2 Nbd7 7.c4 Bd6 8.d3 O-O
9.Nc3 Qe7 10.Re1 e5 11.cxd5 Nxd5 12.e4 Nxc3 13.Bxc3 Bg4 14.h3 Bxf3 15.Bxf3 Bb4
16.Qd2 Bxc3 17.Qxc3 c5 18.Bg2 Rfd8 19.f4 Rac8 20.Rf1 Rc6 21.Kh2 Rg6 22.Rad1 Nb8
23.f5 Ra6 24.Rf2 f6 25.Rc1 Rc6 26.Bf1 Rd4 27.Qb2 b6 28.Rfc2 Rcd6 29.a3 Na6
30.Rc4 Rxc4 31.Rxc4 Rd4 32.Rxd4 exd4 33.Qc1 Qf7 34.Qc2 Kf8 35.Kg2 Ke7 36.Be2 Kd7
37.Kf2 Nb8 38.b4 cxb4 39.axb4 Nc6 40.Qa4 Kd6 41.b5 Na5 42.Qxd4+ Kc7 43.Qc3+ Kd7
44.e5 fxe5 45.Qxe5 Nb7 46.d4 Nd6 47.g4 Qf6 48.Kg3 h5 49.Qxf6 gxf6 50.Kf4 hxg4
51.hxg4 Nf7 52.Kg3 Nd6 53.Bd3 Nf7 54.Kh4 Ng5 55.Kh5 Nf3 56.d5 Ne5 57.Be4 Kd6
58.g5 fxg5 59.Kxg5 Nd7 60.Bg2 Ke5 61.Kg6 Kd6 62.f6 Kc5 63.f7 Kd6 64.Kg7  1-0

[Event "Buenos Aires CAA op"]
[Site "Buenos Aires"]
[Date "1993.??.??"]
[Round "6"]
[White "Fiorito, Fabian"]
[Black "Paglilla, Carlos"]
[Result "1-0"]
[WhiteElo "2435"]
[BlackElo "2335"]

1.Nf3 d5 2.g3 Nc6 3.d4 Bg4 4.Bg2 e6 5.O-O Be7 6.c4 Bf6 7.cxd5 Bxf3 8.Bxf3 Nxd4
9.Bg2 exd5 10.Nc3 c6 11.e4 dxe4 12.Nxe4 Be7 13.Re1 Ne6 14.Qh5 g6 15.Qe2 Nf6
16.Bh6 Nd5 17.Bh3 Qd7 18.Nc3 O-O-O 19.Nxd5 cxd5 20.Qe5 Bd6 21.Qxd5 Rhe8 22.Rad1 f5
23.Bg2 Kb8 24.Re3 Qc8 25.Rb3 Nc5 26.Rc1 Bf8 27.Bf4+ Ka8 28.Qf3 Qd7 29.Rbc3 Rc8
30.R3c2 Red8 31.Qe2 Ne4 32.Bxe4 fxe4 33.Rxc8+ Rxc8 34.Rxc8+ Qxc8 35.Qxe4 Bg7
36.b4 Qd7 37.Qc4 a6 38.a4 Qd8 39.b5 axb5 40.axb5 Ka7 41.Qa4+ Kb6 42.Be3+ Kc7
43.b6+  1-0

[Event "Buenos Aires Najdorf op"]
[Site "Buenos Aires"]
[Date "1993.??.??"]
[Round "6"]
[White "Roca, Alfredo"]
[Black "Bronstein, Luis"]
[Result "1-0"]
[WhiteElo "2385"]
[BlackElo "2425"]

1.Nf3 d5 2.g3 g6 3.Bg2 Bg7 4.d3 Nf6 5.Nbd2 O-O 6.O-O Nc6 7.e4 dxe4 8.dxe4 e5
9.c3 a5 10.a4 b6 11.Re1 Ba6 12.Bf1 Bxf1 13.Kxf1 Qd7 14.Kg2 Rad8 15.Qe2 Nh5
16.Nc4 Qe6 17.Ne3 Ne7 18.Qc4 Qxc4 19.Nxc4 Nc6 20.Be3 Rd7 21.Rad1 Rfd8 22.Rxd7 Rxd7
23.Kf1 f6 24.g4 Nf4 25.Bxf4 exf4 26.Ke2 Kf7 27.Rg1 Ke6 28.h4 Bf8 29.h5 g5
30.Rb1 h6 31.Ne1 Ne5 32.Nxe5 fxe5 33.Nd3 Rd8 34.f3 Ra8 35.Rd1 Be7 36.Kd2 c6
37.Kc2 Rd8 38.Ra1 Ra8 39.Kb3 Rd8 40.Kc2 Ra8 41.b4 Bd6 42.Kb3 Be7 43.Rd1 axb4
44.cxb4 Rd8 45.Nb2 Rb8 46.Rc1 Kd7 47.Nc4 Ke6 48.Nb2 Kd7 49.b5 cxb5 50.axb5 Bc5
51.Na4 Kd6 52.Nxc5 bxc5 53.Kc4 Ra8 54.Rd1+ Kc7 55.Rd3 Kb6 56.Rd6+ Kc7 57.Rxh6 Ra3
58.Kxc5 Rxf3 59.Rh7+ Kc8 60.Rg7 Rg3 61.h6 Rxg4 62.Kc6 Kd8 63.b6  1-0

[Event "Buenos Aires FMD tt"]
[Site "Buenos Aires"]
[Date "1993.??.??"]
[Round "7"]
[White "Altamirano, Benjamin"]
[Black "Justo, Damian"]
[Result "1-0"]
[WhiteElo "2245"]
[BlackElo "2265"]

1.Nf3 d5 2.g3 c5 3.c4 dxc4 4.Na3 Nc6 5.Nxc4 Nf6 6.Bg2 e6 7.O-O Be7 8.b3 O-O
9.Bb2 Nd5 10.a3 b5 11.Nce5 Nxe5 12.Nxe5 Bb7 13.d4 Rc8 14.dxc5 Bxc5 15.Nd3 Be7
16.Rc1 Qb6 17.Qd2 f6 18.Rxc8 Rxc8 19.Rc1 Rd8 20.Qc2 a5 21.e4 Ne3 22.Qc7 Qxc7
23.Rxc7 Rxd3 24.fxe3 Rd1+ 25.Kf2 Rd2+ 26.Kg1 Rd1+ 27.Kf2 Rd2+ 28.Kg1 Rxb2
29.Rxe7 Rb1+ 30.Kf2 Rb2+ 31.Kg1 Bc6 32.Rxe6 Rc2 33.Re7 Rc3 34.Rc7 b4 35.axb4 axb4
36.Bf1 Bb5 37.Bc4+ Bxc4 38.bxc4 Rc2 39.Rb7 Rxc4 40.e5 fxe5 41.Kf2 h5 42.Kf3 Kh7
43.Rb5 e4+ 44.Kf4 Kh6 45.h4 Kg6 46.Rg5+ Kh6 47.Rb5 Rc6 48.Rxb4 Re6 49.Rd4 g6
50.Rd7 Re8 51.Rd5 Kg7 52.Re5 Ra8 53.Kxe4 Kf6 54.Rb5 Ra4+ 55.Kf3 Rg4 56.e4 Ke6
57.Rg5 Rxg5 58.hxg5 Kd6 59.Ke3 Kc5 60.Kd3 Kd6 61.Kd4 Ke6 62.e5 Kf5 63.Kd5 Kxg5
64.Kd6 Kg4 65.e6 Kxg3 66.e7 g5 67.e8=Q h4 68.Qe5+ Kf2 69.Qh2+ Kf3 70.Qh3+  1-0

[Event "Buenos Aires Najdorf op"]
[Site "Buenos Aires"]
[Date "1993.??.??"]
[Round "10"]
[White "Schweber, Samuel"]
[Black "Ginzburg, Maximiliano"]
[Result "1/2-1/2"]
[WhiteElo "2365"]
[BlackElo "2275"]

1.Nf3 d5 2.g3 Nc6 3.c4 d4 4.Bg2 e5 5.O-O Nf6 6.d3 Be7 7.Na3 O-O 8.Nc2 a5
9.Bd2 Bg4 10.h3 Bh5 11.g4 Bg6 12.Nh4 Re8 13.f4 exf4 14.Bxf4 Bc5 15.Bg5 Re6
16.Bd5 Rd6 17.Nxg6 hxg6 18.Qd2 Qf8 19.Bg2 Nd8 20.b3 c6 21.a3 Nh7 22.b4 Ba7
23.Bf4 Rd7 24.g5 Ne6 25.h4 Nxf4 26.Qxf4 Qe8 27.Qg4 f5 28.gxf6 Nxf6 29.Qh3 Re7
30.Rae1 axb4 31.axb4 Rd8 32.Rf2 Bb8 33.Bf3 Re5 34.Ref1 g5 35.hxg5 Rxg5+ 36.Rg2 Qe5
37.Rxg5 Qxg5+ 38.Kf2 Bf4 39.Rh1 Re8 40.Qh4 Be3+ 41.Kf1 Qxh4 42.Rxh4 g5 43.Rh2 Kg7
44.Nxe3 dxe3 45.b5 cxb5 46.cxb5 b6 47.Kg2 Re5 48.Bc6 Rf5 49.Rh3 Rf2+ 50.Kg1 Rxe2
51.Kf1 Rf2+ 52.Ke1 Ng4 53.Rxe3 Nxe3  1/2-1/2

[Event "Calcutta op"]
[Site "Calcutta"]
[Date "1993.??.??"]
[Round "7"]
[White "Hickl, Joerg"]
[Black "Anilkumar, N R."]
[Result "1-0"]
[WhiteElo "2540"]
[BlackElo "2305"]

1.g3 d5 2.Nf3 c6 3.Bg2 Bg4 4.b3 Nd7 5.Bb2 a5 6.a3 Ngf6 7.O-O e6 8.d3 Bc5
9.c3 O-O 10.b4 Bd6 11.Nbd2 Re8 12.Qc2 e5 13.e4 Qc7 14.h3 Bh5 15.Nh4 Rac8
16.Rfe1 Bg6 17.Qb3 dxe4 18.dxe4 c5 19.bxa5 Qxa5 20.Nc4 Qc7 21.Bc1 Rb8 22.Qb5 Bf8
23.Bg5 h6 24.Bxf6 Nxf6 25.Nxg6 fxg6 26.Rab1 Red8 27.a4 Kh7 28.Bf1 Bd6 29.a5 Qe7
30.Qa4 Bc7 31.Qa3 Rdc8 32.Rb3 Bd8 33.Qb2 Rc6 34.Qb1 Ne8 35.Ra3 Bc7 36.Re2 Nd6
37.Ne3 Qd8 38.Rea2 Ra8 39.Bb5 Nxb5 40.Qxb5 Qc8  1-0

[Event "Calcutta op"]
[Site "Calcutta"]
[Date "1993.??.??"]
[Round "10"]
[White "Kirov, Nino"]
[Black "Shetty, Rahul"]
[Result "1-0"]
[WhiteElo "2505"]
[BlackElo "2390"]

1.Nf3 d5 2.g3 Nf6 3.Bg2 c6 4.c4 Bf5 5.cxd5 cxd5 6.Qb3 Bc8 7.O-O Nc6 8.d4 e6
9.Nc3 Be7 10.Bf4 O-O 11.Rfd1 Na5 12.Qc2 Bd7 13.Ne5 Rc8 14.Rac1 Qb6 15.Qb1 Rfd8
16.Nxd7 Nxd7 17.e4 dxe4 18.d5 Nf6 19.dxe6 Qxe6 20.Nxe4 Nxe4 21.Qxe4 Qxe4
22.Bxe4 Nc6 23.Rxd8+ Bxd8 24.b4 g5 25.Be3 a6 26.a4 h6 27.b5 axb5 28.axb5 Na7
29.Rxc8 Nxc8 30.Bxb7 Nb6 31.Kg2 f5 32.Bf3 Kf7 33.Bh5+ Ke6 34.Bd4 Kd5 35.Bg7 Nc4
36.Bxh6 Nd6 37.Be2 Kc5 38.Bf8 g4 39.Bd3 Bc7 40.Bxf5 Kxb5 41.Bxg4  1-0

[Event "Calcutta op"]
[Site "Calcutta"]
[Date "1993.??.??"]
[Round "10"]
[White "Gosh, A."]
[Black "Ravi, Lanka"]
[Result "0-1"]
[WhiteElo "2210"]
[BlackElo "2415"]

1.Nf3 d5 2.g3 c5 3.Bg2 Nc6 4.c4 e6 5.O-O Nf6 6.d3 Be7 7.Bf4 O-O 8.h3 d4 9.Na3 Nd7
10.Nc2 e5 11.Bd2 f5 12.a3 a5 13.b3 e4 14.Nfe1 Nf6 15.Rb1 Bd6 16.b4 axb4 17.axb4 b6
18.bxc5 bxc5 19.Bg5 h6 20.Bxf6 Qxf6 21.e3 Ra6 22.Qh5 Be6 23.exd4 cxd4 24.dxe4 Bxc4
25.exf5 Ne7 26.Be4 Bxf1 27.Kxf1 Qe5 28.Qe2 Nxf5 29.Nf3  0-1

[Event "Cannes op2"]
[Site "Cannes"]
[Date "1993.??.??"]
[Round "?"]
[White "Spraggett, Kevin"]
[Black "Dorfman, Josif D"]
[Result "1/2-1/2"]
[WhiteElo "2565"]
[BlackElo "2585"]

1.Nf3 d5 2.g3 c6 3.b3 Bg4 4.Bg2 Nd7 5.Bb2 Ngf6 6.O-O e6 7.c4 Bd6 8.Na3 O-O
9.Nc2 Bxf3 10.Bxf3 Ne5 11.Bxe5 Bxe5 12.d4 Bd6 13.Qd3 Re8 14.Rfd1 e5 15.dxe5 Bxe5
16.Rac1 dxc4 17.Qxc4 Qe7 18.b4 a6 19.a4 g6 20.Ne3 Nd7 21.Qb3 Nb6 22.Rd3 Rad8
23.Rcd1 Rxd3 24.Rxd3 Rd8 25.Rxd8+ Qxd8 26.b5 axb5 27.axb5 Qc7 28.bxc6 bxc6
29.Ng4 Bd4 30.Nh6+ Kg7 31.e3 Be5 32.Ng4 Nd7 33.Nxe5 Nxe5 34.Qc3 c5 35.Bd5 Kg8
36.e4 Nd7  1/2-1/2

[Event "Cannes op2"]
[Site "Cannes"]
[Date "1993.??.??"]
[Round "?"]
[White "Pigusov, Evgeny"]
[Black "Godena, Michele"]
[Result "1-0"]
[WhiteElo "2575"]
[BlackElo "2485"]

1.Nf3 d5 2.g3 c6 3.Bg2 Bg4 4.b3 Nd7 5.Bb2 e6 6.O-O Ngf6 7.d3 Qc7 8.Nbd2 Bc5
9.c4 O-O 10.Rc1 Qd8 11.Rc2 Qe7 12.Qc1 Bd6 13.h3 Bh5 14.Re1 Ne8 15.cxd5 exd5
16.e4 Qd8 17.Nh4 dxe4 18.dxe4 Be5 19.Ba3 Bd6 20.Nc4 Bxa3 21.Qxa3 Nb6 22.Nf5 Nf6
23.Na5 Qc7 24.Qd6  1-0

[Event "Cannes op2"]
[Site "Cannes"]
[Date "1993.??.??"]
[Round "?"]
[White "Pigusov, Evgeny"]
[Black "Chabanon, Jean Luc"]
[Result "1-0"]
[WhiteElo "2575"]
[BlackElo "2425"]

1.Nf3 d5 2.g3 c6 3.Bg2 Bg4 4.b3 Nd7 5.Bb2 Bxf3 6.Bxf3 e5 7.c4 e4 8.Bg2 f5
9.O-O Ngf6 10.d3 Bc5 11.cxd5 cxd5 12.Nc3 Qe7 13.dxe4 dxe4 14.Nd5 Qd6 15.Nxf6+ Nxf6
16.Bh3 Qe6 17.Bxf6 gxf6 18.e3 h5 19.Qe2 Kf7 20.Qb5 b6 21.Rfd1 h4 22.Bf1 Kg6
23.Qd7 Qxd7 24.Rxd7 hxg3 25.hxg3 Rhd8 26.Rad1 Rxd7 27.Rxd7 a5 28.Bc4 a4 29.bxa4 Rxa4
30.Bb3 Ra5 31.Kg2 Bb4 32.Rb7 b5 33.Bf7+ Kh6 34.Be6 Kg6 35.a4 Rxa4 36.Rxb5 Bd6
37.Bxf5+ Kf7 38.Rb7+ Kf8 39.Rd7 Be5 40.Rh7  1-0

[Event "Cannes op"]
[Site "Cannes"]
[Date "1993.??.??"]
[Round "6"]
[White "Weindl, Alfred"]
[Black "Van Dongen, Patrick"]
[Result "1-0"]
[WhiteElo "2350"]
[BlackElo "2160"]

1.g3 d5 2.Nf3 c5 3.Bg2 Nc6 4.O-O Nf6 5.d3 e6 6.Nbd2 b6 7.e4 Bb7 8.Re1 Be7
9.e5 Nd7 10.h4 Qc7 11.Qe2 O-O-O 12.c4 Nb4 13.cxd5 Nxd5 14.Nc4 h6 15.Bd2 Kb8
16.a3 Rhf8 17.b4 cxb4 18.axb4 Bxb4 19.Bxb4 Nxb4 20.Reb1 a5 21.Nd6 Bd5 22.Rc1 Nc6
23.d4 Ka8 24.Qd2 Ndb8 25.Ne1 Bxg2 26.Nxg2 Na6 27.Ne4 Rd7 28.d5 Nc5 29.dxc6 Qxc6  1-0

[Event "Capablanca mem-B"]
[Site "?"]
[Date "1993.??.??"]
[Round "6"]
[White "Hergott, Deen"]
[Black "Toth, Christian Endre"]
[Result "0-1"]
[WhiteElo "2450"]
[BlackElo "2420"]

1.Nf3 d5 2.g3 c6 3.Bg2 Bg4 4.c4 e6 5.b3 Nd7 6.Bb2 Ngf6 7.O-O Bd6 8.d4 Qe7
9.Ne5 Bh5 10.a3 O-O 11.Nd2 a5 12.Re1 Ng4 13.Nxg4 Bxg4 14.f3 Bh5 15.e4 Qd8
16.Qc2 Bg6 17.Qc3 e5 18.f4 exd4 19.Qf3 dxe4 20.Nxe4 Bxe4 21.Qxe4 c5 22.Qxb7 Rb8
23.Qc6 Nf6 24.b4 axb4 25.axb4 Rxb4 26.Bc1 Qc7 27.Ra6 Qxc6 28.Rxc6 Rd8 29.Bd2 Ra4
30.Rb1 h6 31.Bf3 Bf8 32.g4 Rxc4 33.g5 hxg5 34.fxg5 Ne8 35.g6 fxg6 36.Bd1 Kh7
37.Bb3 Rb8 38.Bf4 Bd6 39.Bxd6 Nxd6 40.Rxd6 Rcb4 41.Rc1 Rxb3 42.Rxc5 Rd3 43.Rcd5 Rd2  0-1

[Event "Capablanca mem-C"]
[Site "?"]
[Date "1993.??.??"]
[Round "9"]
[White "De Leon, Javier"]
[Black "Sariego, Wilfredo"]
[Result "0-1"]
[WhiteElo "2245"]
[BlackElo "2405"]

1.Nf3 d5 2.g3 Nc6 3.Bg2 e5 4.d3 Nf6 5.O-O Be7 6.c4 O-O 7.cxd5 Nxd5 8.Nc3 Nb6
9.a3 Be6 10.b4 f6 11.Be3 Nd5 12.Nxd5 Bxd5 13.Qc2 a6 14.Bc5 Kh8 15.Rfc1 Bd6
16.Rab1 Ne7 17.e4 Bc6 18.d4 Bxc5 19.dxc5 Qe8 20.Qc4 Ba4 21.Qe6 Nc6 22.Qxe8 Rfxe8
23.Bf1 Na7 24.Bc4 Red8 25.Bd5 Rab8 26.Kf1 Be8 27.Ke2 Bh5 28.a4 Be8 29.Ra1 Nc6
30.b5 Nb4 31.Bc4 Bh5 32.Rab1 a5 33.Rc3 Rd4 34.Ke3 Rxe4+ 35.Kxe4 Bg6+ 36.Ke3 Bxb1
37.Nd2 Bc2 38.Bb3 Bxb3 39.Nxb3 Nd5+ 40.Kd2 Nxc3 41.Kxc3 Ra8  0-1

[Event "Cappelle op"]
[Site "Cappelle la Grande"]
[Date "1993.??.??"]
[Round "4"]
[White "Lukov, Valentin"]
[Black "Geller, Efim P"]
[Result "1/2-1/2"]
[WhiteElo "2410"]
[BlackElo "2515"]

1.Nf3 d5 2.g3 c6 3.Bg2 Nf6 4.d4 Bf5 5.O-O e6 6.c4 Nbd7 7.Qb3 Qb6 8.Nbd2 Be7
9.Nh4 Qxb3 10.Nxb3 Be4 11.cxd5 Bxg2 12.Kxg2 cxd5 13.Na5 Bb4 14.Nxb7 Rb8 15.a3 Bxa3
16.Rxa3 Rxb7 17.Nf3 O-O 18.Ne1 Rc8 19.Nd3 Rc2 20.Re1 Ne4 21.Kf1 Nd6 22.Rd1  1/2-1/2